Sociología de los derechos humanos : un modelo weberiano contrastado con investigaciones empíricas /
שמור ב:
| מחבר ראשי: | |
|---|---|
| פורמט: | ספר |
| שפה: | ספרדית |
| יצא לאור: |
Valencia, España :
Tirant Lo Blanch : Universidad de Valencia,
2001, c2001
|
| נושאים: | |
| תגים: |
אין תגיות, היה/י הראשונ/ה לתייג את הרשומה!
|
MARC
| LEADER | 00000nam^a2200000^a^4500 | ||
|---|---|---|---|
| 001 | 000136894 | ||
| 005 | 20250521000000.0 | ||
| 009 | 20260310095333.417 | ||
| 020 | |a 84-8442-383-2 | ||
| 020 | |a 84-370-5353-6 | ||
| 037 | |a Acervo ITESO - Biblioteca | ||
| 041 | |a ESP | ||
| 082 | |a 323. |b AYM | ||
| 100 | |a Aymerich Ojea, Ignacio |e (autor) | ||
| 245 | 1 | 0 | |a Sociología de los derechos humanos : |b un modelo weberiano contrastado con investigaciones empíricas / |c I. Aymerich Ojea. |
| 264 | 4 | |a Valencia, España : |b Tirant Lo Blanch : |b Universidad de Valencia, |c 2001, c2001 | |
| 300 | |a 567 p. | ||
| 336 | |a texto |b txt |2 rdacontenido | ||
| 337 | |a sin mediación |b n |2 rdamedio | ||
| 338 | |a volumen |b nc |2 rdasoporte | ||
| 649 | |a XX | ||
| 650 | |a Derechos Humanos | ||
| 650 | |a Sociología del Derecho - |x Metodología | ||
| 650 | |a Sociología del Derecho - |x Investigación | ||
| 650 | |a Sociología Política | ||
| 650 | |a Weberanismo | ||
| 650 | |a Metodología Empírica | ||
| 650 | |a Metodología Cuantitativa | ||
| 910 | |a Fondo General | ||
| 920 | |a Impresos - Libros | ||
| 930 | |a Colección General | ||
| 905 | |a 101 | ||
| 901 | |a 0500065648 |b IT1 |c ACC |u 20250521 | ||
| 902 | |a https://opac.biblio.iteso.mx/vufind/Record/000136894 | ||